Normal view
MARC view
- تايف بيسلى، م.ج؛ ترجمة حاسب عبد الحسين مشارى
Entry Personal Name
001 - CONTROL NUMBER
- control field: 59288
003 - CONTROL NUMBER IDENTIFIER
- control field: JO-AjAnu
005 - DATE AND TIME OF LATEST TRANSACTION
- control field: 20230606083709.0
008 - FIXED-LENGTH DATA ELEMENTS
- fixed length control field: 230606|| aca||aabn | a|a d
040 ## - CATALOGING SOURCE
- Original cataloging agency: JO-AjAnu
- Transcribing agency: JO-AjAnu
100 ## - HEADING--PERSONAL NAME
- Personal name: تايف بيسلى، م.ج؛ ترجمة حاسب عبد الحسين مشارى
670 ## - SOURCE DATA FOUND
- Source citation: Work cat.: (JO-AjAnu)30240: تايف بيسلى، م.ج؛ ترجمة حاسب عبد الحسين مشارى, author, الليزرات وتطبيقاتها